00389nam a2200133Ia 4500008004100000082001400041100001900055245002200074260001800096600002000114942000700134952009700141999001700238241002s9999 xx 000 0 und d a304.5 PAC aPackard, Vance 4aThe Naked Society aLondon:c1966 aSocial Sciences cUC 00104070aUITUbUITUd1994-01-01l0o304.5 PACpUC396r2024-10-02 09:31:19w2024-10-02yUC c18723d18723